000 01662nam0a2200385 4500
001 RU\NLR\bibl\338226
005 20260406114538.0
010 _a5-09-011255-X
_950000
021 _aRU
_b2002-40306
_91959
035 _a(NLR Aleph) 000333118
090 _a169442
_c169442
100 _a20021104d2002 |||y0rusy50 ca
101 0 _arus
102 _aRU
105 _ay |||||||||
200 1 _aМир вокруг нас
_eМетод. пособие
_e1 кл.
_fА. А. Плешаков, В. П. Александрова, С. А. Борисова
210 _aМ.
_cПросвещение
_d2002
215 _a156, [3] с.
_d22
225 1 _aЗеленый дом
606 0 _a"Мир вокруг нас", курс
_jМетодические пособия
_xПреподавание
_xНачальная школа
_92349605
_3RU\NLR\auth\661403831
610 0 _a<Мир вокруг тебя> - Метод. пособия
675 _a373.3.016:502
_v3
_zrus
686 _a14.23
_2rugasnti
686 _a74.262.0
_2rubbk
686 _aЧ426.44,01я8
700 1 _4070
_8rus
_7ca
_aПлешаков
_bА. А.
_gАндрей Анатольевич
_f1958 -
_3RU\NLR\auth\77300
_9110355
701 1 _4070
_8rus
_7ca
_aАлександрова
_bВ. П.
_cпедагог, экология
_gВера Павловна
_3RU\NLR\auth\7739104
_922088
701 1 _4070
_8rus
_7ca
_aБорисова
_bС. А.
_cпедагог, экология
_gСофья Андреевна
_3RU\NLR\auth\7739105
_922089
801 0 _aRU
_bRKP
_c20021104
_gPSBO
801 1 _aRU
_bRKP
_c20021104
801 2 _aRU
_bNLR
_c20061221
_grcr
942 _cBOOK
980 _aNB